000 00510nam a2200181Ia 4500
005 20250508162044.0
008 008 250505s9999 xx 000 0 eng d
037 _aTextual
040 _aFEDL
_beng
_cFEDL
041 _aeng
_2eng
084 _a372.4, BHA
_qFEDL
100 _aBhagoliwal B S
_9772172
245 0 _aTyprographic dimension of readablity
260 _aAllahabad, India
_bAmitabh Prakashan
_c1980
300 _ax,190p.
942 _cTEXL
_h372.4, BHA
999 _c1374095
_d1374095